00514nam a2200157 a 4500008004100000020001500041050001800056100002900074245007300103260002900176300002200205350000900227650005900236650003500295650002600330120416s1986 ||||||||||||||||| || u a0198285469 aHJ 8514.5 Gri aGriffith-Jones, Stephany10aDebt and development crises in Latin America: the end of an illusion aOxford:bClarendonc1986 axii, 201p. : ill. a0.00 aLATIN AMERICA--ECONOMIC CONDITIONS--1982- --CONGRESSES aDEBTS, EXTERNAL--LATIN AMERICA aINTERNATIONAL FINANCE